000 00629nam a2200217Ia 4500
003 OSt
005 20220923221118.0
006 a|||||r|||| 00| 0
007 ta
008 220922b |||||||| |||| 00| 0 hin d
024 _a195,232
037 _cTextual
040 _aARTS
_cARTS
_bhin
041 _2hin
_ahin
082 _aR1, 152J6
100 _aशर्मा, हरद्वारी लाल
_9158637
245 0 _aविचार विज्ञान
246 _aVichār vijnyāna
942 _hR1, 152J6
_cTEXL
_2CC
999 _c347472
_d347472